00269nam a22000857a 4500082001500000100002400015245007900039260004400118300002100162 a345.549108 aAnwar, Hamid Rehman aJuvenile Laws:bAll Amendments & Up to Date Case Law /cHamid Rehman Anwar aLahore :bCapital Law Publishers,cN.A. a572 p. ;c24 cm.